[Event "Ubeda m"]
[Site "Ubeda"]
[Date "1994.??.??"]
[Round "1"]
[White "Lautier, Joel"]
[Black "Karpov, Anatoly"]
[Result "1/2-1/2"]
[WhiteElo "2645"]
[BlackElo "2780"]
[Annotator "Lautier,J"]
[PlyCount "68"]
[EventDate "1994.11.??"]
[EventType "match"]
[EventRounds "6"]
[EventCountry "ESP"]
[SourceTitle "CBM 045"]
[Source "ChessBase"]
[SourceDate "1995.04.01"]
[SourceVersion "1"]
[SourceVersionDate "1995.04.01"]
[SourceQuality "1"]

1. d4 Nf6 2. c4 e6 3. g3 d5 4. Bg2 dxc4 5. Nf3 Nc6 6. O-O Rb8 7. Nc3 a6 8. e4
Be7 9. d5 Nb4 (9... exd5 10. exd5 (10. e5 $6 Ne4 11. Nxd5 Bc5 12. Be3 Be6 $15)
10... Nb4 11. Ne5 Bf5 12. a3 Nd3 (12... Nc2 $2 13. Rb1 O-O 14. g4 $18) 13. Nxc4
Nxc1 14. Rxc1 O-O 15. Qd4 Bd6 16. Rfe1 $14) 10. Ne5 Nd3 $6 (10... exd5 11. exd5
{-> 9...ed5 10.ed5 Nb4 11.Ne5}) 11. Nxd3 (11. Nxc4 Nxc1 12. Rxc1 exd5 13. exd5
O-O 14. Qd4 $14) 11... cxd3 12. Qxd3 e5 $5 {/\ c6} 13. Qc2 Bd6 14. Na4 (14. h3
$5 Bd7 (14... h5 $6 15. Bg5) 15. Be3 Qe7 16. Rfc1 $14 {/\ Na4-c5}) 14... Qe7
15. b3 $1 (15. Be3 $5 b5 (15... Ng4 $2 16. Ba7 $1 Ra8 17. Bc5 $16 {/\} b5 $2
18. Bxd6 cxd6 19. Nb6 $18) 16. Nc5 Ng4 17. Rac1 Nxe3 18. fxe3 $14) 15... Bd7 $6
(15... b5 16. Nb2 Bb7 17. a4 $1 $14 (17. Nd3 c6 18. dxc6 Rc8 19. Bb2 Rxc6 20.
Qe2 O-O $10)) 16. Nb2 O-O $6 (16... c6 17. Nc4 cxd5 (17... O-O $6 18. a4 $1 {
(Karpov)} b5 (18... cxd5 $2 19. Nxd6 Qxd6 20. Ba3 $18) 19. axb5 axb5 20. Nxd6
Qxd6 21. Ra6 Rfc8 22. Ba3 b4 23. Bb2 $16) 18. exd5 O-O 19. Re1 b5 (19... Rbc8
$2 20. Qb2 $1 $16 {/\ Bf4 (Karpov)}) 20. Nxd6 Qxd6 21. Bb2 Rfe8 $14) 17. Nc4
Bb5 18. Bb2 $2 (18. Nxd6 $1 cxd6 (18... Bxf1 $2 19. Nf5 $18) (18... Qxd6 $6 19.
Rd1 c5 20. a4 Bd7 21. Ba3 $16 {/\ a5}) 19. Re1 Ng4 (19... Rfc8 20. Qd2 Be8 21.
Ba3 Nd7 22. Bh3 Rc7 23. Rac1 $16) (19... Rbc8 20. Qd2 Ng4 (20... Bd7 21. Ba3
$16 {/\ Qb4}) 21. a4 Bd7 22. f3 Nh6 23. Ba3 b5 24. Qb4 $16) 20. a4 Bd7 21. f3
Nh6 22. Ba3 (22. Bxh6 gxh6 $14) 22... b5 $1 23. a5 Rbc8 24. Qd2 f5 25. Qb4 Rf6
$14) 18... Bxc4 $1 19. Qxc4 (19. bxc4 Nd7 $10) 19... c6 $1 20. dxc6 (20. Bh3 {
(Ljubojevic)} cxd5 21. exd5 Ba3 $1 22. Bc3 b5 23. Qc6 Rfd8 24. Qxa6 (24. Ba5 $2
Rxd5 25. Qxa6 Rd6 $19) (24. Rfe1 Rd6 $1 (24... Rxd5 25. Qxa6 Qc5 $10) 25. Bxe5
Rxc6 26. Bxb8 Qd8 27. dxc6 Qxb8 28. Rad1 g6 $15) 24... Nxd5 $15 {/\} 25. Bxe5
$2 Ra8 $19) 20... Rbc8 21. Rac1 Rxc6 22. Qd3 Rxc1 (22... Bc5 $5 23. Qe2 (23.
Rc4 b5 (23... Rd8 24. Qc2 $14) 24. Rc2 Rd6 25. Qe2 Rdd8 {/\ Bd4} 26. Rfc1 Ba3
27. Rc7 Qb4 $15) 23... Rfc8 24. Bh3 R8c7 25. Kg2 $10 {/\ f3}) 23. Rxc1 Bc5 (
23... Ba3 24. Bxa3 Qxa3 25. Qd2 Qe7 26. Qc3 Rd8 27. Qc7 Kf8 $10) 24. h3 (24.
Bf3 $142) 24... Rd8 25. Qc2 (25. Qc4 $2 Bxf2+ $17) 25... b6 26. Rd1 Rxd1+ 27.
Qxd1 a5 28. Bf3 g6 29. Kg2 Kg7 30. Qa1 Bd6 {/\ Qc7-c5} 31. Qc1 Bc5 {/\ Qd6} 32.
Qa1 Bd6 33. Qc1 Bc5 34. Qg5 Bd6 (34... Bd6 35. h4 h6 36. Qd2 Bb4 $10) 1/2-1/2

[Event "CRO-ch 12th"]
[Site "Opatija"]
[Date "2012.01.21"]
[Round "5"]
[White "Bosiocic, Marin"]
[Black "Sulava, Nenad"]
[Result "1/2-1/2"]
[WhiteElo "2580"]
[BlackElo "2514"]
[Annotator "Let's Check"]
[PlyCount "99"]
[EventDate "2012.01.17"]
[EventType "tourn"]
[EventRounds "11"]
[EventCountry "CRO"]
[EventCategory "13"]
[SourceTitle "CBM 147"]
[Source "ChessBase"]
[SourceDate "2012.03.16"]
[SourceVersion "1"]
[SourceVersionDate "2012.03.16"]
[SourceQuality "1"]

1. d4 d5 2. c4 e6 3. Nf3 Nf6 4. g3 dxc4 5. Bg2 a6 6. O-O b5 7. Ne5 Nd5 8. a4
Bb7 9. axb5 axb5 10. Rxa8 Bxa8 11. e4 Nf6 12. Nc3 c6 13. d5 Be7 14. dxe6 fxe6
15. Qe2 O-O 16. Bh3 Kh8 17. Rd1 Qe8 18. Bf4 Nbd7 19. Nxd7 Nxd7 20. Ra1 Nc5 21.
Ra7 Nd3 22. Be3 Bf6 23. e5 Bxe5 24. Bc5 Rf7 25. Ra1 Bb7 26. Qe3 Nxc5 27. Qxc5
Bb8 28. Ne4 h6 29. Qb6 c5 30. Bxe6 Re7 31. Nxc5 $6 (31. Rd1 Rxe6 32. Rd8) 31...
Qc6 $2 (31... Bf3 32. Kf1 Bc7 $19) 32. Qxc6 $11 Bxc6 33. Ra6 Bf3 34. Nd7 Re8
35. Nxb8 Rxb8 36. h4 Rd8 37. g4 g6 38. Rb6 Rd4 39. Rxb5 Bxg4 40. Bxg4 Rxg4+ 41.
Kf1 Rxh4 42. Rb7 Rh1+ 43. Kg2 Rc1 44. f3 Kg8 45. Kg3 Kf8 46. Kf4 Rc2 47. Ke5
Rf2 48. Kf6 Rxf3+ 49. Kxg6 Rh3 50. Rb4 1/2-1/2

[Event "Cheliabinsk"]
[Site "Cheliabinsk"]
[Date "1993.??.??"]
[Round "?"]
[White "Ulybin, Mikhail"]
[Black "Panchenko, Alexander N"]
[Result "1-0"]
[WhiteElo "2560"]
[BlackElo "2475"]
[Annotator "Lisenko"]
[PlyCount "67"]
[EventDate "1993.12.??"]
[EventType "tourn"]
[EventRounds "12"]
[EventCountry "RUS"]
[EventCategory "10"]
[SourceTitle "CBM 039"]
[Source "ChessBase"]
[SourceDate "1994.04.01"]
[SourceVersion "1"]
[SourceVersionDate "1994.04.01"]
[SourceQuality "1"]

1. d4 d5 2. c4 e6 3. Nf3 Nf6 4. g3 dxc4 5. Bg2 a6 6. O-O Nc6 7. Nc3 (7. e3 Bd7
8. Nc3 Bd6 9. Qe2 b5 10. e4 Be7 11. Rd1 O-O 12. Bg5 Rb8 13. d5 exd5 14. Nxd5
$14 {Azmaiparashvili,Z-Petrosian,A /SSSR/1983/}) (7. Na3 Bxa3 8. bxa3 Rb8 9.
Bb2 b5 10. Qc2 O-O 11. Rad1 Ne7 12. e4 Rb6 $1 13. Nh4 Bb7 14. Rfe1 Qa8 15. Qe2
Ng6 16. Nxg6 hxg6 17. g4 a5 $1 $132 {Kozul,Z-Davidovic,A /Liechtenstein/1989 0:
1 (37)}) 7... Bd7 $6 $146 (7... Rb8 8. e4 Be7 9. Qe2 b5 (9... Nxd4 $6 10. Nxd4
Qxd4 11. Rd1 $44) 10. Rd1 O-O 11. d5 exd5 12. e5 (12. exd5 Nb4 13. Ne5 Bd6 $13)
12... Nd7 $8 13. Nxd5 Nb4 $1 $15 {Summermatter,D-Sveshnikov,E /Bern/1992 0:1 
(31) Inf 54/487/}) 8. Ne5 $1 Nxe5 $6 (8... Na5 $5 9. e4 $44) 9. dxe5 Ng4 10.
Qd4 $16 h5 11. h3 c5 12. Qf4 Nh6 13. Bxb7 Ra7 14. Bg2 Nf5 15. Qxc4 Qb8 16. Bg5
$1 $16 h4 (16... Qxb2 17. Rab1 $18) (16... Qxe5 17. Bf4 {/\Bb8+-/}) 17. g4 Nd4
18. e3 Nc6 19. f4 Qb4 (19... Qxb2 20. Rab1 Qd2 21. Rfe1 $18 (21. Bxc6 $2 Qxe3+
22. Rf2 Bxc6 23. Rb8+ Kd7 24. Rd8+ Kc7 $13)) 20. Qd3 Be7 21. a3 Qb6 22. Bxe7
Nxe7 23. Ne4 O-O 24. Qd6 Qxd6 25. exd6 Nd5 26. Rfe1 Rb8 27. Nxc5 Rxb2 28. Rab1
Rd2 29. Rb8+ Kh7 30. Ne4 Ra2 31. Ng5+ Kg6 32. Be4+ f5 33. gxf5+ exf5 34. Bxd5
1-0

[Event "Norway Chess 7th"]
[Site "Stavanger"]
[Date "2019.06.04"]
[Round "1"]
[White "Ding, Liren"]
[Black "So, Wesley"]
[Result "1/2-1/2"]
[WhiteElo "2805"]
[BlackElo "2754"]
[Annotator "Lupulescu,C"]
[PlyCount "70"]
[EventDate "2019.06.04"]
[EventType "tourn"]
[EventRounds "9"]
[EventCountry "NOR"]
[EventCategory "22"]
[SourceTitle "CBM 191"]
[Source "ChessBase"]
[SourceDate "2019.08.31"]
[SourceVersion "1"]
[SourceVersionDate "2019.08.31"]
[SourceQuality "1"]

1. d4 d5 2. c4 e6 3. Nf3 Nf6 4. g3 dxc4 5. Bg2 c5 {So has played this
variation against the Catalan several times already, but only in rapid and
blitz. He used to choose the classical 4...Be7 & 5...0-0, but lately he
switched to the 4...Bb4+ 5.Bd2 Be7 line.} 6. O-O Nc6 7. dxc5 Qxd1 8. Rxd1 Bxc5
9. Nbd2 (9. Nfd2 {was Ding's choice against Harikrishna back in 2017:} O-O (
9... Na5 $1 10. Na3 Bxa3 11. bxa3 Bd7 12. Bb2 Rc8 13. Bc3 b6 $13 {(38) So,W 
(2780)-Vidit,S (2718) chess.com INT 2018}) 10. Nxc4 Rd8 11. Rxd8+ Nxd8 12. Nc3
$14 {and White got something to play for: 1/2-1/2 (36) Ding,L (2777)
-Harikrishna,P (2744) Huaian 2017}) 9... c3 10. bxc3 O-O 11. Nb3 Be7 12. Bb2 (
12. Nfd4 Nxd4 (12... Bd7 13. Bg5 Rfd8 14. Nxc6 Bxc6 15. Bxc6 bxc6 16. Na5 Rac8
17. Rxd8+ Bxd8 {was equal in Giri,A (2785)-So,W (2815) chess.com INT 2017,
½-½ (78).}) 13. cxd4 Nd5 14. Bb2 f5 15. Na5 b6 16. Nc6 Bd6 17. Rac1 Ba6 18.
Re1 Bb7 19. e4 fxe4 20. Rxe4 Kf7 {and Black was fine in Wei Yi (2736)-So,W 
(2754) Abidjan CIV 2019, ½-½ (58).}) 12... Bd7 13. c4 Rfd8 14. Nfd4 Rac8 15.
Nb5 b6 {So far both players were still in their prep.} 16. Nd6 Bxd6 17. Rxd6
Be8 18. Rxd8 Nxd8 19. Rc1 Bc6 20. c5 Bxg2 21. Kxg2 Nd7 22. cxb6 Rxc1 23. Bxc1
axb6 24. Kf3 {The first new move of the game. However, Black is still rock
solid.} (24. Nd4 f6 25. Kf3 Kf7 26. Ke3 Ke8 27. h4 Ne5 28. Ke4 Kd7 29. f4 Ng4
$11 {1/2-1/2 (45) Fedoseev,V (2718)-Inarkiev,E (2689) St Petersburg 2017})
24... Nc6 25. Ke3 Kf8 26. Kd3 b5 27. Ba3+ Ke8 (27... b4 $2 {would of course be
a serious mistake fixing Black's pawn on a dark square and opening the path
for the white king's invasion on the light squares.}) 28. f4 f5 {A logical
move to set up a fortress on the light squares.} 29. e4 fxe4+ (29... g6 {
was as well possible as White is unlikely to break through.}) 30. Kxe4 Nf6+ 31.
Kf3 e5 32. f5 (32. fxe5 Nxe5+ 33. Kf4 Nc4 {would not yield winning chances
either.}) 32... Kf7 33. Bb2 g6 34. fxg6+ Kxg6 35. h3 h5 {An interesting
opening debate that didn't change the evaluation of the line and the first
game to reach Armageddon.} 1/2-1/2

[Event "EU-ch 12th"]
[Site "Aix les Bains"]
[Date "2011.03.27"]
[Round "6"]
[White "Mastrovasilis, Athanasios"]
[Black "Olivier, Jean Christophe"]
[Result "1/2-1/2"]
[WhiteElo "2547"]
[BlackElo "2401"]
[Annotator "Marchand,A/Primel,D"]
[PlyCount "106"]
[EventDate "2011.03.22"]
[EventType "swiss"]
[EventRounds "11"]
[EventCountry "FRA"]
[SourceTitle "CBM 142 Extra"]
[Source "ChessBase"]
[SourceDate "2011.06.27"]
[SourceVersion "1"]
[SourceVersionDate "2011.06.27"]
[SourceQuality "1"]
[TimeControl "40/5400+30:1800+30"]

1. d4 Nf6 2. c4 e6 3. g3 c5 4. Nf3 d5 5. Bg2 (5. cxd5 {Retombe sur une défense
Tarrasch} exd5 6. Bg2 Nc6) 5... dxc4 6. O-O (6. Qa4+ Bd7 7. Qxc4 Bc6 $132) (6.
Na3 $5 Nc6 7. Nxc4 cxd4 8. O-O Bc5 9. Bf4 $44 {Damljanovic,B (2530)-Renet,O 
(2480) Zenica 1989 (4) 1-0}) 6... Nc6 7. dxc5 $5 {Transposant dans une finale
technique où les Blancs espèrent profiter de la meilleure position du Bg2 par
rapport au Bc8 dont le développement pose problème} (7. Qa4 {La grande ligne}
Bd7 (7... cxd4 8. Nxd4 Qxd4 9. Bxc6+ Bd7 10. Rd1) 8. Qxc4 (8. dxc5 Na5) 8... b5
9. Qd3 Rc8 10. dxc5 Bxc5 11. Nc3 Nb4 (11... b4 12. Nb5 (12. Ne4 Nxe4 13. Qxe4
Ne7 14. Ne5 (14. Bg5 O-O 15. Rac1) (14. Rd1 Qb6)) 12... O-O 13. Nd6 Nd4 14. Bf4
Nd5 15. Ng5 (15. Be5 Nxf3+ $132)) 12. Qd2 (12. Qd1) 12... Qb6 13. Ne5 Rd8 14.
a3 Nc6 15. Nd3 O-O {Vladimirov,E (2565)-De la Villa Garcia,J (2450) Marchena
1990 1-0} (15... Bf8)) (7. Ne5 Nxe5 (7... Bd7 8. Na3 cxd4 9. Naxc4 Bc5 (9...
Rc8 10. Qb3 (10. Bf4) 10... Nxe5 11. Nxe5 Bc6 12. Nxc6 bxc6 13. Rd1 c5 14. e3
$14 {Kasparov,G (2715)-Andersson,U (2575) Belgrade m 1985 (1) 1/2}) (9... Nxe5
10. Nxe5 Qb6 11. Bf4 Bb5 12. b4 Rd8 (12... Bxb4 13. Rb1 $44) 13. a4 $14 {
Tukmakov,V (2574)-Sokolov,A (2565) Lenk op 12th fin 2000 (7) 1/2}) (9... Be7
10. Qb3 (10. Bf4 Nd5 11. Nxd7 Nxf4 12. Bxc6 bxc6 13. Nde5 Nh3+ 14. Kg2 Ng5 15.
f3 $44) 10... Qc7 11. Nxc6 Bxc6 12. Bf4 Qd8 13. Bxc6+ bxc6 14. Ne5 c5 15. Qa4+
Kf8 16. Rac1 Qd5 17. f3 h6 {Kasimdzhanov,R (2699)-Drozdovskij,Y (2625) TUR-chT
Konya 2010 (12) 0-1} (17... Qb7 {[%csl Rb2]})) (9... Nd5 10. Nxc6 Bxc6 11. Qxd4
Nb4 12. Bxc6+ Nxc6 13. Qc3 $14) 10. Qb3 (10. Bf4 O-O 11. Qb3 Rc8 12. Nd3 Bb6)
10... O-O 11. Qxb7 Nxe5 12. Nxe5 Rb8 13. Qf3 Bd6 14. Nc6 Bxc6 15. Qxc6 Qe7 16.
Rb1 $14 {Eljanov,P (2692)-Adams,M (2726) Corus Wijk aan Zee 2008 (8) 1/2}) 8.
dxe5 Qxd1 (8... Nd5 9. Na3 c3 10. bxc3 Nxc3 11. Qc2 Nd5 12. Rd1 Bd7 13. Nc4 $14
{Petrov,J (2426)-Inkiov,V (2416) Kastav Hotel Opatija 12 2000 (6) 1-0}) 9. Rxd1
Nd5 (9... Nd7 10. f4 Rb8 11. a4 Be7 12. Na3 $14)) 7... Qxd1 {81} 8. Rxd1 Bxc5
9. Nbd2 Ke7 {58} (9... c3 $142 $1 {La ligne critique pour cette variante 7.dc5}
10. bxc3 O-O 11. Nb3 (11. Ne1)) 10. Nxc4 $14 {[%csl Ra8,Gc4,Rc8,Ge5]} Ng4 {
[%csl Rf2][%cal Ge6e5]} (10... Ne4 11. Be3 Bxe3 12. Nxe3 Rd8 13. Rxd8 Kxd8 14.
Rd1+ Ke7 15. Nc4 Nf6 16. Nfe5 Nxe5 17. Nxe5 Rb8 18. f4 Nd7 19. Nc4 b6 20. Nd6
Nf8 21. e4 f6 22. Kf2 Bd7 23. Ke3 Rd8 24. e5 fxe5 25. fxe5 {Magerramov,E (2551)
-Bakre,T (2450)/Abu Dhabi 2002/CBM 089 ext/1-0 (51)}) 11. Rf1 {Une nouveauté
assez douteuse car après les Noirs peuvent jouer le coup libérateur e6e5
facilement.} (11. e3 $142 f6 {[%cal Ge6e5]} (11... Bd7 12. h3 (12. Nfd2 $5 Rhd8
13. Ne4 Bb4 14. a3 $16)) 12. Nd4 (12. h3 Nh6 13. Bd2 Nf5 14. Bc3 e5 15. Nfd2 {
[%cal Gd2e4]} Be6 16. Ne4 $14) 12... Nce5 13. Nb3 Bb6 14. Nca5 Rb8 15. h3 Nh6
16. Bd2 Nhf7 17. Bb4+ Ke8 18. Rac1 Bd8 19. Rc2 Nd7 20. Nd4 Nb6 21. Nb5 Be7 22.
Bxe7 Kxe7 23. Bxb7 Bd7 24. Nxa7 Rxb7 25. Nxb7 Ra8 {Buhmann,R (2572)-Piasetski,
L (2303)/Caleta 2011/CBM 141/1-0}) 11... e5 $1 12. h3 Be6 $11 13. hxg4 (13.
Nfd2 $5 Nh6 14. b3 Rac8 15. Bb2) 13... Bxc4 14. Bg5+ f6 15. Rfc1 $1 {[%csl Rc4,
Rc5] Profitant de la petite avance de développement} Bxe2 (15... b5 16. b3 fxg5
17. bxc4 Ba3 18. cxb5 $1 Bxc1 19. Rxc1 Na5 20. Rc5 (20. Nxe5 Rac8) 20... h6 21.
Rxe5+) 16. Rxc5 e4 {38} (16... Ba6 $6 17. Be3) 17. Re1 (17. Nd2 $1 fxg5 18. Re1
Bd3 19. Nxe4 $40 {[%csl Ge1,Re7]}) 17... exf3 18. Bxf3 {[%csl Re7]} Nd4 19.
Bxe2 fxg5 20. Bf3+ {[%csl Gf3]} (20. Bc4+ Kd6 (20... Kf6 21. Re4 Rad8 22. f4
$40 {[%csl Rf6]}) 21. Rd5+) 20... Kf6 21. Bxb7 Rab8 22. Rc7 $16 {[%csl Gb7,Gc7]
} Ne6 {18} 23. Rc6 (23. Rd7) 23... Rhe8 24. Bc8 Rbxc8 $1 {Transposant dans une
finale de R égale} 25. Rexe6+ Rxe6 26. Rxc8 Re2 27. Rc6+ Kf7 28. Rc7+ Kf6 29.
Rb7 a5 30. Kg2 a4 31. Kf3 Rc2 32. a3 (32. Rb6+) 32... g6 33. Rb6+ Kg7 34. Rb4
h5 $1 35. Ke3 h4 36. gxh4 gxh4 37. Kf3 g5 38. Rxa4 Rxb2 39. Rb4 Ra2 40. a4 Ra3+
41. Ke4 h3 42. Kf5 h2 43. Rb7+ Kh6 44. f4 Rf3 45. Rb6+ Kg7 46. Rb7+ Kh6 47.
Rb6+ Kg7 48. Rb1 Rxf4+ 49. Kxg5 Rxa4 50. Rh1 Ra2 51. Kh4 Kg6 52. Kg3 Kg5 53.
Rxh2 Ra3+ 1/2-1/2

[Event "EU-ch 12th"]
[Site "Aix les Bains"]
[Date "2011.03.22"]
[Round "1"]
[White "Kreisl, Robert"]
[Black "Grachev, Boris V"]
[Result "0-1"]
[WhiteElo "2394"]
[BlackElo "2675"]
[Annotator "Marchand,A/Primel,D"]
[PlyCount "62"]
[EventDate "2011.03.22"]
[EventType "swiss"]
[EventRounds "11"]
[EventCountry "FRA"]
[SourceTitle "CBM 142 Extra"]
[Source "ChessBase"]
[SourceDate "2011.06.27"]
[SourceVersion "1"]
[SourceVersionDate "2011.06.27"]
[SourceQuality "1"]
[TimeControl "40/5400+30:1800+30"]

1. Nf3 d5 2. d4 Nf6 3. c4 e6 4. g3 dxc4 5. Bg2 (5. Qa4+ Bd7 (5... c6 6. Qxc4 b5
7. Qc2 (7. Qd3 Bb7 8. Bg2 Nbd7 9. O-O a6 10. a4 c5 $36) (7. Qb3 Bb7 8. Bg2 Nbd7
9. O-O a6 10. Ne5 (10. a4 c5) 10... Nxe5 11. dxe5 Nd7 12. Nc3 Nxe5 13. Ne4 $44
{Ehlvest,J (2595)-Vitiugov,N (2687) Moscow Aeroflot op-A 2009 (6) 1/2}) 7...
Bb7 {Demarre,J (2190)-David,A (2587) Syre Memorial op 32nd 2009 (3) 0-1} 8. Bg2
Nbd7 9. Ne5 $1 Qb6 10. O-O $5 Rc8 {Tratar,M (2420)-Pavasovic,D (2460) Portoroz
op 1997 1/2} (10... Qxd4 11. Nxd7 Qxd7 12. Rd1 $44)) 6. Qxc4 Bc6 7. Bg2 Nbd7 8.
Nc3 Nb6 9. Qd3 Bb4) 5... Bd7 $5 {Une ligne secondaire un peu passive mais les
Noirs peuvent souvent s'accrocher au Pc4} 6. Ne5 (6. Qc2 c5 7. Qxc4 Bc6 8. O-O
Nbd7 {[%cal Ga8c8,Gc8c4]} 9. dxc5 Bxc5 10. Nc3 Rc8 $11) 6... Bc6 7. Nxc6 {
Les Blancs gagnent la paire de B mais en contrepartie, les Noirs ont une
petite avance de développement et il ne sera pas facile pour les Blancs de
récupérer le P"c4"} Nxc6 8. O-O (8. e3) 8... Qd7 {[%cal Ge8c8]} (8... Be7) 9.
e3 (9. Nc3 Nxd4 10. Bxb7 Rb8 11. Bg2 Be7 12. e3 Nb5 13. Qc2 Nxc3 14. Qxc3 Qb5
15. b3 O-O 16. bxc4 Qb6 17. Qc2 Rfd8 18. Bd2 Bb4 19. Bxb4 Qxb4 20. Rab1 Qa5 21.
Rb5 Rxb5 22. cxb5 Qxb5 23. Qxc7 Qb6 {Jussupow,A (2620)-Karpov,A (2715)/Belfort
1988/CBM 008/1/2-1/2}) 9... O-O-O {L'idée de la variante Bd7 et la position
noire est trés solide} (9... Rb8 10. Qe2 b5 $132 (10... e5 $5) 11. a4 (11. b3
cxb3 12. axb3) 11... a6 12. axb5 axb5 13. b3 cxb3 14. Nd2 Be7 15. Nxb3 O-O 16.
Bd2 Rfc8 17. Rfc1 Nd5 18. Nc5 {Georgiev,K (2590)-Anand,V (2515) Hoogovens Wijk
aan Zee 1989 (2) 0-1} (18. h4 $14 {[%cal Gh4h5] Anand})) 10. Nd2 {[%cal Gd2c4]}
(10. Qa4 Nd5 11. Qxc4 h5 12. Nc3 h4 13. Bd2 hxg3 14. fxg3 (14. hxg3) 14... f5
15. Rac1 g6 16. b4 Bxb4 17. Rb1 Qh7 18. h3 Qh6 19. Rxb4 Ncxb4 20. Rb1 Nc6 21.
Na4 Nb6 22. Qxe6+ Kb8 23. Rb2 Rhe8 24. Qb3 Qh8 {Antic,D (2487)-Kapnisis,S 
(2529)/Eretria 2011/Mega2011 Update 29/1/2-1/2 (31)}) 10... h5 $1 {[%cal Gh5h4]
} 11. Nxc4 h4 $146 (11... Nd5 12. Bd2 h4 13. b4 hxg3 14. hxg3 Bxb4 15. Bxb4
Ndxb4 16. Qb3 Rh5 17. Rab1 Rdh8 18. Ne5 Nxe5 19. Qxb4 Ng4 20. Qxb7+ Kd8 21.
Rfc1 Qd6 22. Rc6 Qd7 23. Rbc1 e5 24. Rxc7 {1-0 Prohaszka,P (2501)-Takacs,B 
(2354)/Heviz 2010/CBM 137 Extra}) 12. Qa4 (12. Bd2 hxg3 13. fxg3 (13. hxg3 Nd5
14. Rc1)) 12... hxg3 13. hxg3 (13. fxg3 $5 {Affaiblit la structure mais
amoindrit la pression sur la colonne "h"} Nd5 14. Bd2 f5 {[%cal Gg7g5,Gd7h7]}
15. b4 $1 Bxb4 (15... g5 16. b5) 16. Bxb4 Ndxb4 17. Ne5 $36 {[%csl Ra7,Rb4,Gg2]
[%cal Gg2b7]}) 13... Nd5 14. Bd2 Kb8 15. Rfc1 f5 {[%cal Gd7f7,Gf7h5]} 16. Na5 (
16. b4 $142 $5 Ne5 (16... Ncxb4 17. Qxd7 Rxd7 18. Ne5 Rd8 19. Nf7) 17. Qxd7
Nxd7 18. a3 $14 {Après l'échange des Q, les Noirs n'auront plus d'attaque а
l'aile-roi et la structure Blanche est un peu meilleure}) 16... Nxa5 17. Qxd7 (
17. Qxa5 $6 Qf7 {[%cal Gf7h5]} (17... g5 {[%cal Gd7h7]})) 17... Rxd7 18. Bxa5
Nf6 19. Bc3 {Bizarrement, la paire de B n'est pas trés utile et il n'est pas
facile d'améliorer la position des Blancs} (19. Rc2 Bd6 20. Rac1 $11) (19. Kf1)
19... Bd6 20. Bf3 {[%cal Gg1g2]} g5 $1 {[%cal Gd7h7] L'attaque thématique
dans cette variante Bd7} 21. Kg2 g4 22. Be2 Rh3 23. Bc4 (23. Rh1 Rdh7 24. Bd3
Ne4 25. Bxe4 fxe4 26. Rxh3 $11) (23. Bd3 Rdh7 24. Rh1) 23... Rdh7 $36 24. Rh1
$1 Ne4 $36 25. Bxe6 (25. Rxh3 gxh3+ (25... Rxh3 26. Bxe6) 26. Kf3 Ng5+ 27. Ke2
$11) 25... Bxg3 $1 26. Bxf5 $2 (26. Rxh3 $8 gxh3+ 27. Kf3 h2 28. fxg3 h1=Q+ 29.
Rxh1 Rxh1 30. Bxf5 Ng5+ 31. Kg2 {[%csl Gg3][%cal Gg3g8]}) 26... Rh2+ 27. Rxh2
Rxh2+ 28. Kg1 Nxf2 29. Be1 Nh3+ 30. Kf1 Bxe1 31. Bxg4 Bb4 0-1